Seminario Latinoamericano sobre Regionalización de la Educación
Guardat en:
| Autor corporatiu: | , , , |
|---|---|
| Format: | Llibre |
| Idioma: | espanyol |
| Publicat: |
San José
Ministerio de Educación Pública
1981
|
| Matèries: | |
| Etiquetes: |
Afegir etiqueta
Sense etiquetes, Sigues el primer a etiquetar aquest registre!
|
MARC
| LEADER | 00000nam a2200000 a 4500 | ||
|---|---|---|---|
| 001 | UCZ8523 | ||
| 003 | CL-VaPUC | ||
| 005 | 20210624001254.0 | ||
| 008 | 960121e19810000cr 1 spa d | ||
| 082 | 0 | 4 | |a 379.1 |b OEA |2 21 |
| 110 | 2 | |a OEA |e author |9 617496 | |
| 710 | 2 | |a PREDE |e author |9 617497 | |
| 710 | 2 | |a CINTERPLAN |e author |9 617498 | |
| 710 | 2 | |a UNESCO |e author |9 617499 | |
| 245 | 1 | 0 | |a Seminario Latinoamericano sobre Regionalización de la Educación |
| 260 | |a San José |b Ministerio de Educación Pública |c 1981 | ||
| 300 | |a 158 p | ||
| 583 | |a last modification |c 19960121 00:00:00 |k Rodrigo Vera | ||
| 650 | 0 | 0 | |a Estado y educación |9 311264 |
| 650 | 0 | 0 | |a Programas de educación |9 339040 |
| 650 | 0 | 7 | |a POLITICAS DE DESARROLLO |2 CL-VaPUC |9 345187 |
| 650 | 0 | 7 | |a EDUCACION COMPARADA |2 CL-VaPUC |9 307694 |
| 650 | 0 | 0 | |a Investigación educacional |9 261192 |
| 650 | 0 | 0 | |a Planificación de la educación |9 307333 |
| 651 | 0 | |a América Latina |9 255027 | |
| 942 | |c BK | ||
| 945 | |a cmena |d 19960121 00:00:00 | ||
| 546 | |a En Español | ||
| 518 | |p Seminario Latinoamericano sobre Regionalización de la Educación, San José, 20 al 24 de Julio de 1981 | ||
| 999 | |c 382501 |d 382499 | ||
| 952 | |0 0 |1 0 |4 0 |6 379_100000000000000_OEA_1981 |7 0 |8 P |9 504232 |a BIBEDU |b BIBEDU |c BIBEDU_PB |d 2020-01-23 |i 1621378 |o 379.1 OEA 1981 |p 1621378 |r 2024-01-25 |w 2020-01-23 |y BK |k EDU | ||